<?xml version="1.0" encoding="UTF-8"?>
<record
    xmlns:xsi="http://www.w3.org/2001/XMLSchema-instance"
    xsi:schemaLocation="http://www.loc.gov/MARC21/slim http://www.loc.gov/standards/marcxml/schema/MARC21slim.xsd"
    xmlns="http://www.loc.gov/MARC21/slim">

  <leader>00744nam a22002297a 4500</leader>
  <controlfield tag="003">OSt</controlfield>
  <controlfield tag="005">20260212115142.0</controlfield>
  <controlfield tag="008">260212b        |||||||| |||| 00| 0 eng d</controlfield>
  <datafield tag="020" ind1=" " ind2=" ">
    <subfield code="a">9783031005992</subfield>
  </datafield>
  <datafield tag="040" ind1=" " ind2=" ">
    <subfield code="b">English</subfield>
    <subfield code="c">Central Library IIT Goa</subfield>
  </datafield>
  <datafield tag="082" ind1=" " ind2=" ">
    <subfield code="a">004.22</subfield>
    <subfield code="b">EEC</subfield>
  </datafield>
  <datafield tag="100" ind1=" " ind2=" ">
    <subfield code="a">Eeckhout, Lieven</subfield>
    <subfield code="e">author</subfield>
    <subfield code="9">3675</subfield>
  </datafield>
  <datafield tag="245" ind1=" " ind2=" ">
    <subfield code="a">Computer architecture performance evaluation methods /</subfield>
    <subfield code="c">Lieven Eeckhout</subfield>
  </datafield>
  <datafield tag="260" ind1=" " ind2=" ">
    <subfield code="a">Switzerland :</subfield>
    <subfield code="b">Springer Nature,</subfield>
    <subfield code="c">2022</subfield>
  </datafield>
  <datafield tag="300" ind1=" " ind2=" ">
    <subfield code="a">xiv,129p.</subfield>
  </datafield>
  <datafield tag="490" ind1=" " ind2=" ">
    <subfield code="a">Synthesis lectures on computer architecture</subfield>
  </datafield>
  <datafield tag="504" ind1=" " ind2=" ">
    <subfield code="a">Includes bibliographical references and index</subfield>
  </datafield>
  <datafield tag="650" ind1=" " ind2=" ">
    <subfield code="a">Computer architecture</subfield>
  </datafield>
  <datafield tag="650" ind1=" " ind2=" ">
    <subfield code="a">Performance evaluation</subfield>
    <subfield code="9">3676</subfield>
  </datafield>
  <datafield tag="650" ind1=" " ind2=" ">
    <subfield code="a">Computer simulation</subfield>
    <subfield code="9">1592</subfield>
  </datafield>
  <datafield tag="942" ind1=" " ind2=" ">
    <subfield code="2">ddc</subfield>
    <subfield code="c">BK</subfield>
  </datafield>
  <datafield tag="952" ind1=" " ind2=" ">
    <subfield code="0">0</subfield>
    <subfield code="1">0</subfield>
    <subfield code="2">ddc</subfield>
    <subfield code="4">0</subfield>
    <subfield code="7">3</subfield>
    <subfield code="8">REF</subfield>
    <subfield code="a">IITGCL</subfield>
    <subfield code="b">IITGCL</subfield>
    <subfield code="c">REF</subfield>
    <subfield code="d">2026-02-12</subfield>
    <subfield code="e">New India Book Agency</subfield>
    <subfield code="g">3039.00</subfield>
    <subfield code="l">0</subfield>
    <subfield code="o">004.22 EEC</subfield>
    <subfield code="p">4613</subfield>
    <subfield code="r">2026-02-12 11:49:43</subfield>
    <subfield code="t">1</subfield>
    <subfield code="v">3039.00</subfield>
    <subfield code="w">2026-02-12</subfield>
    <subfield code="y">REF</subfield>
    <subfield code="z">6808||02-02-2026||39.00%||EUR 27.99</subfield>
  </datafield>
  <datafield tag="952" ind1=" " ind2=" ">
    <subfield code="0">0</subfield>
    <subfield code="1">0</subfield>
    <subfield code="2">ddc</subfield>
    <subfield code="4">0</subfield>
    <subfield code="7">3</subfield>
    <subfield code="8">REF</subfield>
    <subfield code="a">IITGCL</subfield>
    <subfield code="b">IITGCL</subfield>
    <subfield code="c">REF</subfield>
    <subfield code="d">2026-02-12</subfield>
    <subfield code="e">New India Book Agency</subfield>
    <subfield code="g">3039.00</subfield>
    <subfield code="l">0</subfield>
    <subfield code="o">004.22 EEC</subfield>
    <subfield code="p">4614</subfield>
    <subfield code="r">2026-02-12 11:49:43</subfield>
    <subfield code="t">2</subfield>
    <subfield code="v">3039.00</subfield>
    <subfield code="w">2026-02-12</subfield>
    <subfield code="y">REF</subfield>
    <subfield code="z">6808||02-02-2026||39.00%||EUR 27.99</subfield>
  </datafield>
  <datafield tag="999" ind1=" " ind2=" ">
    <subfield code="c">1872</subfield>
    <subfield code="d">1872</subfield>
  </datafield>
</record>
